| 000 | 00707nam a2200241Ia 4500 | ||
|---|---|---|---|
| 005 | 20250425162510.0 | ||
| 008 | 250425s9999 xx 000 0 und d | ||
| 020 | _a9780071462983 | ||
| 041 | _aeng | ||
| 082 |
_a621.3825 _pROD |
||
| 100 | _aRoddy, Dennis | ||
| 245 | 0 |
_aSatellite Communications _cDennis Roddy |
|
| 250 | _aCuarta ed. | ||
| 260 |
_aEstados Unidos _bMcGraw-Hill _c2006 |
||
| 300 |
_a636 p. _bIlustrado _c23 cm |
||
| 500 | _aIncluye tabla de contenido, bibliografía, índice | ||
| 650 | _aComunicaciones satelitales | ||
| 650 | _aSatelites artificiales en telecomunicaciones | ||
| 650 | _aSeñales digitales | ||
| 902 |
_aMonográfico _cImpreso |
||
| 942 | _c01 | ||
| 010 | _a78414 | ||
| 999 |
_c230464 _d230464 |
||